Statistics for Basic Japanese Adjectives 1

Click here to take the quiz!

General Stats

  • This quiz has been taken 14 times
  • The average score is 22 of 40

Answer Stats

HintAnswer% Correct
Hot (weather)暑い
83%
Like好き
83%
New新しい
83%
Old古い
75%
Cold (weather)寒い
75%
Goodいい
67%
Small小さい
67%
Sweet甘い
67%
Delicious, tastyおいしい
67%
Expensive高い
67%
Big大きい
67%
Hot (object)熱い
67%
Long長い
67%
Enjoyable, fun, pleasant楽しい
58%
Difficult, complicated難しい
58%
Beautiful, pretty, clean, tidyきれい
58%
Interesting, fascinating, intriguing面白い
58%
Near, close近い
58%
Spicy辛い
50%
Early, quick, fast早い・速い
50%
Dislike嫌い
50%
Love大好き
50%
Far, distant遠い
50%
Cold (object)冷たい
50%
Easy, plain, simpleやさし
50%
Busy, occupied, hectic (person/day)忙しい
50%
Tender, kind, gentle, affectionate (person)優しい
50%
Late, slow遅い
42%
Bad (taste), awful, terribleまずい
42%
Healthy, energetic元気
42%
Cheap, inexpensive安い
42%
Attractive, good-looking, stylish, coolかっこいい
42%
Lively, bustling賑やか
42%
Quiet, silent静か
42%
Scary, frightening怖い
42%
Low, short低い
42%
Hate大嫌い
33%
Dirty汚い
33%
Free (person)
33%
Dull, uninteresting, boringつまらない
25%

Score Distribution

Percentile by Number Answered

Percent of People with Each Score

Your Score History

You have not taken this quiz